Quick Pick: Psalm 31:5 (NIV) Quiz Stats

 Plays Quiz not verified by Sporcle

Score 0/13 Timer 01:30
0 Plays Today
% Correct
God.
78.9%
Your
71.1%
I
71.1%
hands
68.4%
Into
65.8%
my
65.8%
commit
63.2%
spirit;
63.2%
my
57.9%
me,
57.9%
Lord,
57.9%
deliver
55.3%
faithful
50%

You're not logged in!

Compare scores with friends on all Sporcle quizzes.
OR
Log In

You Might Also Like...

Show Comments

Extras

Top Quizzes Today


Score Distribution

Your Account Isn't Verified!

In order to create a playlist on Sporcle, you need to verify the email address you used during registration. Go to your Sporcle Settings to finish the process.

Report this User

Report this user for behavior that violates our Community Guidelines.

Details: